Países da Europa que não fazem parte da União Europeia - Statistics

Estatísticas Gerais
  • Esse quiz foi jogado 353 vezes
  • A pontuação média é 18 de 23
Estatísticas das Respostas
País % Correto
Rússia
94%
Ucrânia
87%
Andorra
86%
Albânia
85%
Noruega
85%
Reino Unido
84%
Sérvia
83%
Vaticano
83%
San Marino
82%
Moldávia
81%
Mônaco
81%
Suíça
81%
Kosovo
80%
Turquia
80%
Montenegro
79%
Macedônia do Norte
78%
Bósnia & Herzegovina
77%
Liechtenstein
75%
Islândia
73%
Armênia
67%
Geórgia
67%
Bielorrúsia
65%
Azerbaijão
63%
Nenhum quiz correspondente encontrado
Distribuição das Pontuações
Porcentagem de Pessoas com Cada Pontuação
Percentil de Números Respondidos
Sua Pontuação Histórica
Você não jogou esse quiz